ბათუმის შოთა რუსთაველის სახელმწიფო უნივერსიტეტის ბიბლიოთეკა

Selling and Sales Management (ბიბ.ჩანაწერი № 45193)

000 -LEADER
fixed length control field 00458nam a2200205Ia 4500
001 - CONTROL NUMBER
control field 12016
003 - CONTROL NUMBER IDENTIFIER
control field GE_BSU
008 - FIXED-LENGTH DATA ELEMENTS--GENERAL INFORMATION
fixed length control field 181216s||||||||xx |||||||||||||| ||und||
020 ## - INTERNATIONAL STANDARD BOOK NUMBER
International Standard Book Number 9780273720652
040 ## - CATALOGING SOURCE
Transcribing agency GE_BSU
080 ## - UNIVERSAL DECIMAL CLASSIFICATION NUMBER
Universal Decimal Classification number 658.8
100 ## - MAIN ENTRY--PERSONAL NAME
Personal name Jobber,David
245 ## - TITLE STATEMENT
Title Selling and Sales Management
260 ## - PUBLICATION, DISTRIBUTION, ETC.
Place of publication, distribution, etc. England
260 ## - PUBLICATION, DISTRIBUTION, ETC.
Date of publication, distribution, etc. 2009
300 ## - PHYSICAL DESCRIPTION
Extent 546p.ill.25cm.
653 ## - INDEX TERM--UNCONTROLLED
Uncontrolled term Selling and Sales Management
942 ## - ADDED ENTRY ELEMENTS (KOHA)
Koha item type წიგნი
ეგზემპლარები
Withdrawn status Lost status Damaged status Not for loan Date acquired Barcode Date last seen Price effective from Koha item type
        2018-12-17 35913 2018-12-17 2018-12-17 წიგნი